[Event "World Rapid Women 2017"]
[Site "Riyadh KSA"]
[Date "2017.12.28"]
[Round "15.13"]
[White "Tan, Zhongyi"]
[Black "Abdumalik, Zhansaya"]
[Result "1-0"]
[WhiteTitle "GM"]
[BlackTitle "IM"]
[WhiteElo "2517"]
[BlackElo "2449"]
[WhiteFideId "8603642"]
[BlackFideId "13703544"]
[EventDate "2017.12.26"]

1. d4 Nf6 2. c4 g6 3. g3 Bg7 4. Bg2 c6 5. e4 d6 6. Nc3 Nbd7 7. Nf3 e5 8. O-O O-O
9. h3 exd4 10. Nxd4 Re8 11. Re1 Nb6 12. b3 d5 13. cxd5 cxd5 14. e5 Ne4 15. Nxe4
dxe4 16. Rxe4 Be6 17. Re1 Bd5 18. Nf3 Bxf3 19. Qxf3 Bxe5 20. Rb1 Qf6 21. Qxf6
Bxf6 22. Rxe8+ Rxe8 23. Be3 Re7 24. Rc1 Kg7 25. a4 Bb2 26. Rc2 Be5 27. a5 Nd7
28. Bxa7 Nf6 29. Re2 g5 30. Bd4 Nd7 31. Bxe5+ Nxe5 32. f4 gxf4 33. gxf4 1-0

[Event "World Rapid Women 2017"]
[Site "Riyadh KSA"]
[Date "2017.12.28"]
[Round "15.14"]
[White "Stefanova, Antoaneta"]
[Black "Nechaeva, Marina"]
[Result "0-1"]
[WhiteTitle "GM"]
[BlackTitle "IM"]
[WhiteElo "2500"]
[BlackElo "2424"]
[WhiteFideId "2902257"]
[BlackFideId "4149351"]
[EventDate "2017.12.26"]

1. Nf3 d5 2. g3 Bg4 3. Bg2 Nd7 4. O-O e6 5. d3 Ngf6 6. Qe1 c6 7. e4 dxe4 8. dxe4
Bxf3 9. Bxf3 e5 10. Nd2 Bc5 11. a4 O-O 12. Qe2 Qc7 13. Nc4 Rfe8 14. Bg5 h6 15.
Bd2 a5 16. h4 Nf8 17. Ne3 Ne6 18. c3 Rad8 19. Bg2 Bf8 20. Nc4 Nc5 21. Be3 Ra8
22. g4 Nfd7 23. g5 hxg5 24. hxg5 Ne6 25. Qg4 g6 26. Bf3 b5 27. axb5 cxb5 28. Na3
b4 29. Nb5 Qc6 30. Be2 Ndc5 31. f3 Nb3 32. Rad1 Bc5 33. Bxc5 Qxc5+ 34. Rf2 Nf4
35. Bf1 Rad8 36. Rd7 Qc8 37. Nd6 Qxd7 38. Qxd7 Rxd7 39. Nxe8 Rd1 40. Nf6+ Kf8
41. Kh2 bxc3 42. bxc3 a4 43. Bb5 a3 44. Bc4 Rd2 45. Rxd2 Nxd2 46. Ba2 Nd3 47. c4
Nc1 48. c5 Nxa2 49. c6 Nc4 50. c7 Nd6 51. Nd7+ Ke7 52. Nxe5 Nc3 53. Nc4 Ncb5 54.
e5 Nc8 55. Nd2 a2 56. Nb3 Nxc7 57. Kg3 Nb6 58. f4 Nc4 59. Na1 Nd5 60. Kf3 Ke6
61. Ke4 Nd2+ 62. Kd3 Nf3 63. Ke4 Nd2+ 64. Kd3 Nb1 65. Ke4 Nbc3+ 66. Kf3 Kf5 67.
Nc2 Nxf4 0-1

[Event "World Rapid Women 2017"]
[Site "Riyadh KSA"]
[Date "2017.12.28"]
[Round "15.15"]
[White "Ushenina, Anna"]
[Black "Bodnaruk, Anastasia"]
[Result "1-0"]
[WhiteTitle "GM"]
[BlackTitle "IM"]
[WhiteElo "2416"]
[BlackElo "2428"]
[WhiteFideId "14110911"]
[BlackFideId "4181751"]
[EventDate "2017.12.26"]

1. d4 Nf6 2. Nf3 g6 3. g3 Bg7 4. Bg2 O-O 5. O-O d6 6. c4 Nc6 7. Nc3 a6 8. Bf4
Rb8 9. Rc1 Bd7 10. a3 b5 11. cxb5 axb5 12. b4 Na7 13. d5 e5 14. dxe6 fxe6 15. e4
Nh5 16. Bg5 Qe8 17. e5 Bc6 18. Be3 Nc8 19. exd6 cxd6 20. Re1 Kh8 21. Ng5 Bxg2
22. Kxg2 Rb7 23. Kg1 Nf6 24. Nge4 Nd7 25. f4 Qe7 26. Bf2 e5 27. Nd5 Qe6 28. Ng5
Qe8 29. Qg4 Nf6 30. Qh3 h5 31. Nc7 Rxc7 32. Rxc7 Ng4 33. Qg2 Nxf2 34. Qxf2 Rf6
35. Rec1 Ne7 36. Qa7 Bf8 37. Rb7 Nc6 38. Rh7+ Kg8 39. Rh8+ 1-0

[Event "World Rapid Women 2017"]
[Site "Riyadh KSA"]
[Date "2017.12.28"]
[Round "15.16"]
[White "Guo, Qi"]
[Black "Javakhishvili, Lela"]
[Result "1-0"]
[WhiteTitle "IM"]
[BlackTitle "IM"]
[WhiteElo "2396"]
[BlackElo "2449"]
[WhiteFideId "8604002"]
[BlackFideId "13601458"]
[EventDate "2017.12.26"]

1. d4 d6 2. c4 e5 3. Nf3 e4 4. Ng5 f5 5. Nc3 Nf6 6. g3 h6 7. Nh3 g5 8. Bg2 Nc6
9. f3 exf3 10. exf3 Bg7 11. O-O O-O 12. Be3 Kh8 13. Kh1 Qe8 14. Re1 Qf7 15. b3
Ne7 16. f4 g4 17. Nf2 c6 18. Nd3 h5 19. Rc1 h4 20. Kg1 Ng6 21. Bf2 Nh5 22. Kf1
Be6 23. Qd2 Rae8 24. d5 Bd7 25. dxc6 bxc6 26. Nb4 Rxe1+ 27. Rxe1 Rc8 28. Ne2 Bf8
29. Nd3 Nf6 30. Nc3 Bh6 31. Nb4 Bf8 32. Nc2 Kh7 33. Kg1 Rd8 34. Nd4 d5 35. cxd5
cxd5 36. Nc2 Bc6 37. Rd1 Be7 38. Qe3 Ne4 39. Bxe4 dxe4 40. Rxd8 Bxd8 41. Qxa7
Ne7 42. Qc5 hxg3 43. hxg3 e3 44. Nxe3 Qe6 45. Qc4 Qh6 46. Kf1 Qh1+ 47. Ke2 Qf3+
48. Ke1 Qh1+ 49. Kd2 Qf3 50. Qe2 Qh1 51. Qd3 Ba5 52. Nc4 Bb4 53. a3 Be4 54. Qd4
Bxc3+ 55. Qxc3 Nd5 56. Qd4 Qb1 57. Ne3 Qa2+ 58. Ke1 Bf3 59. Qa7+ Kg6 60. Qa6+
Kh5 61. Nxd5 Qb1+ 62. Kd2 Qb2+ 63. Ke3 Bxd5 64. Qd3 Be4 65. Qc4 Qxa3 66. Be1
Qa7+ 67. Qd4 Qa2 68. Bc3 Qxb3 69. Qh8+ Kg6 70. Qg7+ Kh5 71. Qh7# 1-0

[Event "World Rapid Women 2017"]
[Site "Riyadh KSA"]
[Date "2017.12.28"]
[Round "15.18"]
[White "Socko, Monika"]
[Black "Batsiashvili, Nino"]
[Result "1-0"]
[WhiteTitle "GM"]
[BlackTitle "IM"]
[WhiteElo "2471"]
[BlackElo "2502"]
[WhiteFideId "1106619"]
[BlackFideId "13602993"]
[EventDate "2017.12.26"]

1. d4 d5 2. c4 e6 3. Nc3 Bb4 4. Nf3 Nf6 5. cxd5 exd5 6. Bf4 Ne4 7. Rc1 g5 8. Bd2
Be7 9. e3 O-O 10. Bd3 Nxd2 11. Qxd2 c6 12. O-O Be6 13. e4 Nd7 14. exd5 cxd5 15.
Rce1 Re8 16. Qc2 Nf8 17. Ne5 a6 18. f4 f6 19. Nf3 h6 20. fxg5 hxg5 21. Bg6 Qd7
22. Re3 Kg7 23. Bxe8 Rxe8 24. Qf2 Bd8 25. h4 g4 26. Nh2 f5 27. h5 Bg5 28. Re5
Bf6 29. Nxg4 Bxe5 30. Nxe5 Qe7 31. Qf4 Nd7 32. Qg3+ Kh7 33. Qg6+ Kh8 34. Rf3
Nxe5 35. dxe5 Bg8 36. Qh6+ Bh7 37. Nxd5 Qc5+ 38. Kh2 Rf8 39. Rg3 Rf7 40. Nf6
Qxe5 41. Nxh7 1-0

[Event "World Rapid Women 2017"]
[Site "Riyadh KSA"]
[Date "2017.12.28"]
[Round "15.19"]
[White "Charochkina, Daria"]
[Black "Mkrtchian, Lilit"]
[Result "1-0"]
[WhiteTitle "IM"]
[BlackTitle "IM"]
[WhiteElo "2317"]
[BlackElo "2376"]
[WhiteFideId "4180917"]
[BlackFideId "13300601"]
[EventDate "2017.12.26"]

1. d4 Nf6 2. c4 e6 3. Nc3 Bb4 4. Qc2 c5 5. dxc5 Qc7 6. a3 Bxc5 7. Nf3 a6 8. e3
Be7 9. Bd3 d6 10. b4 b6 11. Bb2 Bb7 12. Qe2 Nbd7 13. Rc1 Rc8 14. e4 O-O 15. O-O
Rfe8 16. Na4 Ng4 17. Bb1 Bc6 18. Nd4 Bxa4 19. Qxg4 Ne5 20. Qg3 Bf8 21. Ba2 Bd7
22. f4 Nc6 23. f5 Nxd4 24. Bxd4 e5 25. Be3 Bc6 26. f6 Bxe4 27. fxg7 Bxg7 28. c5
d5 29. cxb6 Qb7 30. Rc5 Rxc5 31. Bxc5 Re6 32. Qg5 Re8 33. Rf6 Bg6 34. Rd6 d4 35.
Bd5 Qb8 36. Rxg6 hxg6 37. Qxg6 Re6 38. Bxe6 fxe6 39. Qxe6+ Kh7 40. Qd7 Qg8 41.
b7 Qc4 42. Qf5+ Kh6 43. b8=Q 1-0

[Event "World Rapid Women 2017"]
[Site "Riyadh KSA"]
[Date "2017.12.28"]
[Round "15.20"]
[White "Li, Ruofan"]
[Black "Cori T., Deysi"]
[Result "1-0"]
[WhiteTitle "IM"]
[BlackTitle "WGM"]
[WhiteElo "2351"]
[BlackElo "2389"]
[WhiteFideId "8600643"]
[BlackFideId "3801934"]
[EventDate "2017.12.26"]

1. d4 Nf6 2. c4 e6 3. Nc3 Bb4 4. Qc2 O-O 5. e4 d5 6. e5 Ne4 7. a3 Bxc3+ 8. bxc3
c5 9. Bd3 Nc6 10. Ne2 f5 11. exf6 Qxf6 12. O-O cxd4 13. cxd4 Nxd4 14. Nxd4 Qxd4
15. Bb2 Qc5 16. Bxe4 dxe4 17. Qxe4 Rf7 18. Rad1 Bd7 19. Rd3 Raf8 20. Rg3 Rc8 21.
h3 Qf5 22. Qxb7 e5 23. Rf3 Bc6 24. Qxf7+ Qxf7 25. Rxf7 Kxf7 26. Bxe5 Be4 27. Rc1
a6 28. f3 Bd5 29. c5 Ke6 30. Bd6 Kd7 31. Kf2 Re8 32. h4 g6 33. Rc2 a5 34. Rb2 a4
35. Rb4 Bc6 36. h5 Ke6 37. h6 Kd5 38. Rf4 Ke6 39. g4 g5 40. Rf5 Rg8 41. Re5+ Kf6
42. Re7 Kg6 43. f4 gxf4 44. Bxf4 Kf6 45. Rxh7 Rxg4 46. Ke3 Ke6 47. Rc7 Kd5 48.
h7 Rh4 49. Bg5 Rh3+ 50. Kf4 Kxc5 51. Bf6 Kd6 52. Ra7 Bd7 1-0

[Event "World Rapid Women 2017"]
[Site "Riyadh KSA"]
[Date "2017.12.28"]
[Round "15.21"]
[White "Hoang, Thi Bao Tram"]
[Black "Girya, Olga"]
[Result "0-1"]
[WhiteTitle "WGM"]
[BlackTitle "WGM"]
[WhiteElo "2410"]
[BlackElo "2484"]
[WhiteFideId "12401102"]
[BlackFideId "4195752"]
[EventDate "2017.12.26"]

1. d4 Nf6 2. Nf3 d5 3. Bf4 c5 4. e3 Nc6 5. Nc3 a6 6. dxc5 e6 7. Na4 Bxc5 8. Nxc5
Qa5+ 9. c3 Qxc5 10. Bd3 Qe7 11. Bg5 h6 12. Bh4 e5 13. Be2 Be6 14. O-O g5 15. Bg3
Nd7 16. Nd2 f5 17. f4 O-O-O 18. Nf3 exf4 19. exf4 Nc5 20. Bf2 Ne4 21. Bb6 Rdg8
22. Nd4 Bd7 23. Nxc6 Bxc6 24. Bd4 Rh7 25. Bd3 h5 26. fxg5 Qxg5 27. Qf3 Rf7 28.
Be3 f4 29. Qe2 Rfg7 30. Bd4 0-1

[Event "World Rapid Women 2017"]
[Site "Riyadh KSA"]
[Date "2017.12.28"]
[Round "15.22"]
[White "Enkhtuul, Altan-Ulzii"]
[Black "Zimina, Olga"]
[Result "1-0"]
[WhiteTitle "WGM"]
[BlackTitle "IM"]
[WhiteElo "2344"]
[BlackElo "2415"]
[WhiteFideId "4901444"]
[BlackFideId "4132190"]
[EventDate "2017.12.26"]

1. Nf3 d5 2. d4 Nf6 3. g3 Bg4 4. Bg2 Nbd7 5. O-O e6 6. Nbd2 Be7 7. h3 Bh5 8. c3
O-O 9. Qe1 c6 10. e4 dxe4 11. Nxe4 Nxe4 12. Qxe4 Nf6 13. Qe2 a5 14. a4 Qb6 15.
g4 Bg6 16. Ne5 Qa6 17. Qxa6 Rxa6 18. Nxg6 hxg6 19. Re1 Nd5 20. Re2 Bd6 21. Be4
Raa8 22. Bxd5 cxd5 23. Kg2 Rfc8 24. Bd2 Rc4 25. Be1 b6 26. Kf3 Kf8 27. Ke3 Ke7
28. f3 Kd7 29. Kd3 Rh8 30. h4 Be7 31. Rh2 Bd6 32. Re2 Bf4 33. b3 Rc6 34. Raa2
Rhc8 35. Rac2 R6c7 36. c4 dxc4+ 37. bxc4 Bd6 38. Bf2 Bb4 39. Re5 Rc6 40. Rb5 Ke7
41. h5 gxh5 42. Rxh5 Rd6 43. Rh7 Rg8 44. Bh4+ g5 45. Bg3 Rd7 46. Be5 Rgd8 47.
Ke4 Bd6 48. Bg7 Bf4 49. Rb2 Rd6 50. Rh6 Rc8 51. Bf6+ Kd7 52. Rc2 Rdc6 53. Kd3
R6c7 54. Rh7 Kc6 55. Rb2 Rd7 56. Ke4 Rg8 57. Rb5 Rg6 58. d5+ exd5+ 59. cxd5+ Kb7
60. Kf5 Be3 61. Rxf7 Rxf7 62. Kxg6 Rf8 63. Kg7 Rc8 64. d6 Kc6 65. Bxg5 Bd4+ 66.
Bf6 Bxf6+ 67. Kxf6 Rf8+ 68. Ke7 Rxf3 69. Re5 Rf4 70. d7 Rd4 71. d8=Q 1-0

[Event "World Rapid Women 2017"]
[Site "Riyadh KSA"]
[Date "2017.12.28"]
[Round "15.23"]
[White "Mammadova, Gulnar"]
[Black "Skripchenko, Almira"]
[Result "1-0"]
[WhiteTitle "IM"]
[BlackTitle "IM"]
[WhiteElo "2357"]
[BlackElo "2403"]
[WhiteFideId "13403508"]
[BlackFideId "13900145"]
[EventDate "2017.12.26"]

1. e4 d6 2. d4 Nf6 3. Nd2 e5 4. dxe5 dxe5 5. Ngf3 Bc5 6. Bd3 O-O 7. O-O Qe7 8.
Nc4 Nc6 9. a3 Bg4 10. h3 Bh5 11. c3 Rad8 12. Qe2 a6 13. Bg5 Qe6 14. Rad1 b5 15.
Ne3 Ne7 16. Nf5 h6 17. Bh4 Ng6 18. Bg3 Nd7 19. b4 Ba7 20. c4 Nf4 21. Bxf4 exf4
22. Qb2 f6 23. cxb5 Bxf3 24. gxf3 Ne5 25. Qe2 Kh7 26. Kh2 axb5 27. Bxb5 Qb3 28.
Kg2 g6 29. Ne7 Qxa3 30. Nd5 Rxd5 31. exd5 Qxb4 32. d6 cxd6 33. Rb1 Qa5 34. Ra1
Qc7 35. Rfc1 Bc5 36. Qe4 Qb6 37. Qe2 f5 38. Ra6 Qb8 39. Bc6 Qb3 40. Rxc5 Nd3 41.
Bd5 1-0

[Event "World Rapid Women 2017"]
[Site "Riyadh KSA"]
[Date "2017.12.28"]
[Round "15.24"]
[White "Hoolt, Sarah"]
[Black "Berend, Elvira"]
[Result "0-1"]
[WhiteTitle "WGM"]
[BlackTitle "WGM"]
[WhiteElo "2405"]
[BlackElo "2303"]
[WhiteFideId "24606812"]
[BlackFideId "4000510"]
[EventDate "2017.12.26"]

1. e4 e5 2. Nf3 Nc6 3. Bc4 Bc5 4. d3 Nf6 5. Bb3 d6 6. c3 a6 7. Nbd2 Ba7 8. h3
O-O 9. Nf1 d5 10. Qe2 d4 11. Ng3 Be6 12. Bxe6 fxe6 13. c4 Bc5 14. Bd2 a5 15. a3
a4 16. O-O Be7 17. Nh2 Nd7 18. Rad1 Nc5 19. f4 exf4 20. Bxf4 Bg5 21. Qg4 Bxf4
22. Rxf4 Ne5 23. Rxf8+ Qxf8 24. Qe2 Qf4 25. Nh5 Qg5 26. Ng4 Nxg4 27. Qxg4 Qxg4
28. hxg4 Ra6 29. Kf2 Rb6 30. Rd2 Rxb2 31. Ke2 Rb3 32. Nf4 Rxa3 33. e5 Ra1 34.
Rd1 Rxd1 35. Kxd1 a3 36. Kc2 a2 37. Kb2 g5 38. Ne2 Nxd3+ 39. Kxa2 c5 40. Ng3
Nxe5 41. Ne4 Nxc4 42. Nxc5 Kf7 43. Nxb7 Kf6 44. Nc5 Ne3 45. Ne4+ Kg6 46. Kb3
Nxg4 47. Kc4 e5 48. Kd3 h5 49. Nd6 Nf6 50. Ke2 h4 51. Kf2 g4 52. Ke2 Kg5 53. Nc4
Kf4 54. Nb2 e4 55. Kf2 d3 56. Nd1 e3+ 57. Ke1 h3 0-1

[Event "World Rapid Women 2017"]
[Site "Riyadh KSA"]
[Date "2017.12.28"]
[Round "15.25"]
[White "Cornette, Deimante"]
[Black "Gaponenko, Inna"]
[Result "0-1"]
[WhiteTitle "IM"]
[BlackTitle "IM"]
[WhiteElo "2439"]
[BlackElo "2435"]
[WhiteFideId "12802859"]
[BlackFideId "14101181"]
[EventDate "2017.12.26"]

1. e4 d6 2. d4 Nf6 3. Nc3 g6 4. Be3 c6 5. h3 b5 6. e5 dxe5 7. dxe5 Qxd1+ 8. Rxd1
Nfd7 9. f4 Na6 10. Nf3 Bh6 11. Be2 Ndc5 12. a3 Ne6 13. g3 Nac7 14. O-O a5 15.
Bf2 Ba6 16. b4 axb4 17. axb4 O-O 18. Nd2 c5 19. Nb3 cxb4 20. Na2 Bb7 21. Nxb4
Ra4 22. Nd3 Ra2 23. Ndc5 Bd5 24. Bd3 Bc4 25. Rfe1 Bxd3 26. cxd3 Rd8 27. d4 Nd5
28. Nxe6 fxe6 29. Nc5 Kf7 30. h4 Nc3 31. Rd3 b4 32. Ne4 Nd5 33. Rb3 Rc8 34. Nc5
Rca8 35. Nd3 R8a3 36. Reb1 Rxb3 37. Rxb3 Ra3 38. Nc5 Bg7 39. Be1 Rxb3 40. Nxb3
h6 41. Bd2 g5 42. h5 gxf4 43. gxf4 Ke8 44. Kf2 Kd7 45. Nc5+ Kc6 46. Nxe6 b3 47.
Bc1 Bh8 48. Kf3 Kb5 49. Ke4 Kc4 50. Nc5 Nc3+ 51. Kf5 Nd5 52. Bb2 Ne3+ 53. Ke6
Nd1 54. Ba1 b2 55. Bxb2 Nxb2 56. Nd7 Kxd4 57. Nf8 Nd3 58. Ng6 Bg7 59. Kxe7 Nxf4
60. Nxf4 Kxe5 61. Ne6 Bf6+ 62. Kf7 Kf5 63. Nf4 Ba1 64. Ne6 Bb2 65. Nc5 Kg5 66.
Ne6+ Kxh5 67. Nf4+ Kg5 68. Nd3 Ba1 69. Ke6 h5 70. Kd5 Kf5 71. Nf2 Kf4 72. Nh3+
Kg4 73. Nf2+ Kf3 74. Nh3 Bf6 75. Kc4 h4 76. Kd3 Bd8 77. Kd2 Kg3 78. Ng1 Kg2 79.
Ne2 Bg5+ 80. Ke1 h3 0-1

[Event "World Rapid Women 2017"]
[Site "Riyadh KSA"]
[Date "2017.12.28"]
[Round "15.26"]
[White "Melia, Salome"]
[Black "Saduakassova, Dinara"]
[Result "1/2-1/2"]
[WhiteTitle "IM"]
[BlackTitle "IM"]
[WhiteElo "2404"]
[BlackElo "2460"]
[WhiteFideId "13602446"]
[BlackFideId "13700090"]
[EventDate "2017.12.26"]

1. b3 Nf6 2. Bb2 d5 3. e3 g6 4. f4 Bg7 5. Nf3 c5 6. Be2 Nc6 7. O-O O-O 8. Qe1 d4
9. Bb5 Bd7 10. Na3 Rc8 11. Bxc6 Bxc6 12. Nc4 dxe3 13. dxe3 Be4 14. Qe2 Qc7 15.
Ng5 Bc6 16. Be5 Qd7 17. Rad1 Qg4 18. Qxg4 Nxg4 19. Bxg7 Kxg7 20. h3 Nf6 21. Na5
h6 22. Nxc6 1/2-1/2

[Event "World Rapid Women 2017"]
[Site "Riyadh KSA"]
[Date "2017.12.28"]
[Round "15.27"]
[White "Szczepkowska, Karina"]
[Black "Savina, Anastasia"]
[Result "1/2-1/2"]
[WhiteTitle "IM"]
[BlackTitle "IM"]
[WhiteElo "2419"]
[BlackElo "2350"]
[WhiteFideId "1122681"]
[BlackFideId "4196872"]
[EventDate "2017.12.26"]

1. d4 d5 2. c4 Nc6 3. cxd5 Qxd5 4. Nf3 e5 5. Nc3 Bb4 6. a3 Bxc3+ 7. bxc3 Bg4 8.
dxe5 Qxd1+ 9. Kxd1 O-O-O+ 10. Nd4 Nxe5 11. f3 Bd7 12. Ke1 Ne7 13. e4 Ba4 14. Rb1
c5 15. Nb3 Bxb3 16. Rxb3 Nd3+ 17. Bxd3 Rxd3 18. Ke2 Rhd8 19. a4 Nc6 20. Be3 b6
21. Rc1 Na5 22. Rb5 Nc4 23. Bxc5 Rd2+ 24. Kf1 R8d3 25. Bd4 Ra2 26. Rh5 Ne3+ 27.
Bxe3 Rxe3 28. Rxh7 g5 29. Rh3 Ree2 30. Rg3 f6 31. c4 Kd7 32. c5 bxc5 33. Rxc5
Reb2 34. Rc1 Ke6 35. e5 Kxe5 36. Re1+ Kf5 37. Rg4 a5 38. Kg1 Rb4 39. Rge4 Raxa4
40. g4+ Kg6 41. Re8 Ra2 42. R8e2 Rxe2 43. Rxe2 a4 44. Ra2 Kf7 45. Kg2 Ke6 46.
Kg3 Kd5 47. h4 Kc4 48. h5 Kb3 49. Ra1 Kb2 50. Rh1 Rb7 51. h6 Rh7 52. f4 a3 53.
Kf3 a2 54. Rh2+ Kb3 55. Rxa2 Kxa2 56. fxg5 fxg5 57. Ke4 Rf7 58. Ke5 Kb3 59. Ke6
Rf8 60. Ke7 Rf3 61. h7 Rh3 62. Kf6 Rxh7 63. Kxg5 Kc4 64. Kf6 Rh2 65. g5 Rf2+ 66.
Ke6 Rg2 67. Kf6 Kd5 68. g6 Kd6 69. g7 Kd7 70. Kf7 Rf2+ 71. Kg6 Rg2+ 1/2-1/2

[Event "World Rapid Women 2017"]
[Site "Riyadh KSA"]
[Date "2017.12.28"]
[Round "15.28"]
[White "Zatonskih, Anna"]
[Black "Batchimeg, Tuvshintugs"]
[Result "1-0"]
[WhiteTitle "IM"]
[BlackTitle "IM"]
[WhiteElo "2452"]
[BlackElo "2398"]
[WhiteFideId "14101572"]
[BlackFideId "4900839"]
[EventDate "2017.12.26"]

1. d4 Nf6 2. Nf3 g6 3. g3 Bg7 4. Bg2 O-O 5. O-O d6 6. b3 Bf5 7. Bb2 Qc8 8. Re1
c6 9. Nbd2 d5 10. Nh4 Bg4 11. Bh1 Rd8 12. c4 Ne8 13. Rc1 Qd7 14. Qc2 Na6 15. a3
Rac8 16. b4 Bf6 17. Nhf3 Bf5 18. e4 dxe4 19. Nxe4 Nd6 20. Nxf6+ exf6 21. Qb3 Ne8
22. Rcd1 Nac7 23. Qe3 Be6 24. Nd2 Bg4 25. Rc1 Ng7 26. Ne4 Nce8 27. Nc5 Qc7 28.
Qe7 Ne6 29. Qxc7 Rxc7 30. Nb3 Ng5 31. Re3 Nd6 32. f3 Be6 33. Nd2 Nh3+ 34. Kf1 b5
35. d5 cxd5 36. Bxf6 Re8 37. c5 Nc4 38. Nxc4 dxc4 39. Bg2 h5 40. Bc3 Ng5 41. Rd1
Nh7 42. Rd6 Nf8 43. f4 Nd7 44. Bc6 Rb8 45. Rexe6 fxe6 46. Bxd7 1-0

[Event "World Rapid Women 2017"]
[Site "Riyadh KSA"]
[Date "2017.12.28"]
[Round "15.29"]
[White "Vo, Thi Kim Phung"]
[Black "Zhukova, Natalia"]
[Result "0-1"]
[WhiteTitle "WGM"]
[BlackTitle "GM"]
[WhiteElo "2380"]
[BlackElo "2444"]
[WhiteFideId "12401838"]
[BlackFideId "14101513"]
[EventDate "2017.12.26"]

1. d4 Nf6 2. Bg5 d5 3. c4 e6 4. Nc3 Be7 5. cxd5 Nxd5 6. Bxe7 Qxe7 7. e4 Nxc3 8.
bxc3 O-O 9. Nf3 c5 10. Be2 cxd4 11. cxd4 b6 12. O-O Bb7 13. Bd3 Nd7 14. Rc1 Rac8
15. Qe2 Qa3 16. Rcd1 Rc3 17. Rfe1 Rfc8 18. Qd2 h6 19. h3 Qa5 20. Bb1 b5 21. Qf4
b4 22. Qd6 Nf6 23. Qf4 Qc7 24. Ne5 a5 25. h4 Nh7 26. Qd2 Qe7 27. g3 Nf8 28. d5
Qc5 29. Qf4 f6 30. Nd3 Qb6 31. Qg4 e5 32. Kh1 Ba6 33. f4 h5 34. Qxh5 Bxd3 35.
Bxd3 Qf2 36. fxe5 Rxd3 37. exf6 Rxg3 38. f7+ Qxf7 39. Qxf7+ Kxf7 40. Kh2 Rcc3
41. e5 Ke7 42. e6 Rh3+ 43. Kg2 Rcg3+ 44. Kf2 Rd3 45. d6+ Ke8 46. e7 Nd7 47. Rc1
Rc3 48. Rg1 Rh2+ 0-1

[Event "World Rapid Women 2017"]
[Site "Riyadh KSA"]
[Date "2017.12.28"]
[Round "15.30"]
[White "Hoang, Thanh Trang"]
[Black "Ding, Yixin"]
[Result "1/2-1/2"]
[WhiteTitle "GM"]
[BlackTitle "WGM"]
[WhiteElo "2439"]
[BlackElo "2424"]
[WhiteFideId "12400149"]
[BlackFideId "8602972"]
[EventDate "2017.12.26"]

1. d4 Nf6 2. Nf3 g6 3. Bf4 Bg7 4. e3 d6 5. Be2 O-O 6. O-O Nh5 7. Bg5 h6 8. Bh4
g5 9. Nfd2 gxh4 10. Bxh5 e5 11. c3 Nc6 12. Na3 f5 13. dxe5 dxe5 14. f4 Be6 15.
Be2 Qe7 16. Bc4 Bxc4 17. Naxc4 Kh7 18. Nxe5 Nxe5 19. fxe5 Rad8 20. Qc2 Qxe5 21.
Rae1 h3 22. gxh3 Kh8 23. Nf3 Qe6 24. Kh1 Qc6 25. Re2 Rde8 26. Kg1 Qb6 27. Nd4 f4
28. exf4 Bxd4+ 29. cxd4 Qxd4+ 30. Kh1 Qd5+ 31. Rg2 Rg8 32. Qc3+ Kh7 33. Qc2+ Kh8
34. Qc3+ Kh7 35. Qc2+ Kh8 36. Qc3+ Kh7 37. Qc2+ Kh8 1/2-1/2

[Event "World Rapid Women 2017"]
[Site "Riyadh KSA"]
[Date "2017.12.28"]
[Round "15.31"]
[White "Munguntuul, Batkhuyag"]
[Black "Mamedjarova, Zeinab"]
[Result "1/2-1/2"]
[WhiteTitle "IM"]
[BlackTitle "WGM"]
[WhiteElo "2397"]
[BlackElo "2363"]
[WhiteFideId "4900758"]
[BlackFideId "13401521"]
[EventDate "2017.12.26"]

1. e4 e5 2. Nf3 d6 3. d4 Nd7 4. Nc3 Ngf6 5. Bc4 Be7 6. O-O O-O 7. a4 a5 8. Qe2
c6 9. Rd1 Qc7 10. Ba2 exd4 11. Nxd4 Re8 12. Be3 Bf8 13. f3 Ne5 14. Qf2 h6 15.
Qh4 Ng6 16. Qf2 d5 17. exd5 Bd6 18. g3 Rxe3 19. dxc6 Rxc3 20. Nb5 Bc5 21. Qxc5
Rxc5 22. Nxc7 Rb8 23. Rd8+ Nf8 24. Re1 bxc6 25. Na6 Bxa6 26. Rxb8 Rxc2 27. Rd1
g6 28. Rdd8 Nh7 29. f4 Kg7 30. Ra8 Rxb2 31. Bxf7 Bb7 32. Ra7 Kxf7 33. Rb8 Ra2
34. Rbxb7+ Ke6 35. Rxa5 Nf6 36. Rb6 Kd6 37. Raa6 Rc2 38. a5 N8d7 39. Rb1 Nd5 40.
Ra8 g5 41. fxg5 Ne5 42. Rf8 hxg5 43. h3 Ra2 44. Rf5 g4 45. hxg4 Nxg4 46. Re1
Rxa5 47. Rg5 Ra4 48. Kg2 Ra2+ 49. Kh3 Nf2+ 50. Kh4 Nd3 51. Rg6+ Kc5 52. Rd1 Ne5
53. Re6 Rh2+ 54. Kg5 Nf3+ 55. Kg4 Nd4 56. Rxd4 Kxd4 57. Rxc6 1/2-1/2

[Event "World Rapid Women 2017"]
[Site "Riyadh KSA"]
[Date "2017.12.28"]
[Round "15.32"]
[White "Voit, Daria"]
[Black "Gvetadze, Sofio"]
[Result "1/2-1/2"]
[WhiteTitle "FM"]
[BlackTitle "IM"]
[WhiteElo "2390"]
[BlackElo "2289"]
[WhiteFideId "4182146"]
[BlackFideId "13601440"]
[EventDate "2017.12.26"]

1. d4 Nf6 2. c4 e6 3. Nf3 b6 4. g3 Bb7 5. Bg2 d5 6. Ne5 Bd6 7. O-O O-O 8. Nc3 c6
9. e4 dxe4 10. Nxe4 Nxe4 11. Bxe4 Qc7 12. Bf4 Nd7 13. Nxd7 Qxd7 14. Be3 Rfd8 15.
c5 Be7 16. Qc2 g6 17. Rfd1 Rac8 18. Qa4 Ba8 19. Rac1 Bf6 20. Bf3 Re8 21. cxb6
axb6 22. d5 exd5 23. Bg4 Qb7 24. Bxc8 Rxc8 25. Qf4 Be7 26. Qe5 c5 27. Bd4 f6 28.
Qe6+ Kg7 29. Re1 Rc7 30. b4 c4 31. g4 h6 32. h4 Qc6 33. b5 Qxe6 34. Rxe6 Bc5 35.
Bxc5 bxc5 36. b6 Rd7 37. Re8 Bb7 38. a4 Kf7 39. Rh8 Kg7 40. Rb8 d4 41. Rxc4 d3
42. Rxb7 Rxb7 43. Rxc5 Rxb6 44. Rc7+ Kg8 45. Rd7 Ra6 46. Rxd3 Rxa4 1/2-1/2

[Event "World Rapid Women 2017"]
[Site "Riyadh KSA"]
[Date "2017.12.28"]
[Round "15.33"]
[White "Buksa, Nataliya"]
[Black "Charkhalashvili, Inga"]
[Result "1-0"]
[WhiteTitle "WGM"]
[BlackTitle "WGM"]
[WhiteElo "2385"]
[BlackElo "2355"]
[WhiteFideId "14123622"]
[BlackFideId "13601431"]
[EventDate "2017.12.26"]

1. d4 Nf6 2. Nc3 d5 3. Bf4 c6 4. e3 g6 5. h4 h5 6. Nf3 Bg4 7. Be2 Bg7 8. Ne5
Bxe2 9. Qxe2 Nfd7 10. O-O-O Nxe5 11. Bxe5 Bxe5 12. dxe5 Nd7 13. e4 e6 14. exd5
cxd5 15. Nb5 O-O 16. g4 hxg4 17. Rde1 Rc8 18. Qxg4 Rc4 19. Qg3 Nc5 20. Nd6 Ne4
21. Nxe4 dxe4 22. Rd1 Qc7 23. h5 Rxc2+ 24. Kb1 Re2 25. Ka1 Qb6 26. Qc3 g5 27.
Rhg1 Qxf2 28. Rxg5+ Kh7 29. Rgg1 Qe3 30. Qb4 Qb6 31. Qa3 Rd8 32. Rb1 Rg8 33.
Rgf1 Rf2 34. Qe7 Rgg2 35. Rfd1 e3 36. Rd8 Qxb2+ 37. Rxb2 Rg1+ 38. Rb1 Rxb1+ 39.
Kxb1 e2 40. Rh8+ Kxh8 41. Qd8+ Kh7 42. Qd3+ Kh8 43. Qd8+ Kh7 44. Qd3+ Kh8 1-0